|
|
|
|
| LEADER |
01085nam a2200313 a 4500 |
| 001 |
GR-Patra2050 |
| 008 |
991022s nyu 000 b eng d |
| 020 |
|
|
|a 0071135847
|
| 040 |
|
|
|a GrPaTEI
|b gre
|c GR-PaULI
|
| 245 |
0 |
0 |
|a McGraw-Hill dictionary of scientific and technical terms.
|
| 250 |
|
|
|a 5th ed.
|
| 260 |
|
|
|a New York :
|b McGraw-Hill,
|c c1994
|
| 300 |
|
|
|a xvii, 2194, 48σ. :
|b εικ.
|
| 500 |
|
|
|a Includes 1 flopy disk 3.5"
|
| 650 |
|
0 |
|a DICTIONARIES
|
| 650 |
|
0 |
|a SCIENCE
|
| 650 |
|
0 |
|a TECHNOLOGY
|
| 650 |
|
0 |
|a TERMINOLOGY
|
| 650 |
|
4 |
|a ΕΠΙΣΤΗΜΗ
|
| 650 |
|
4 |
|a ΛΕΞΙΚΑ
|
| 650 |
|
4 |
|a ΟΡΟΛΟΓΙΑ
|
| 650 |
|
4 |
|a ΤΕΧΝΟΛΟΓΙΑ
|
| 653 |
|
|
|a ΕΠΙΣΤΗΜΗ - ΕΓΚΥΚΛΟΠΑΙΔΕΙΕΣ ΚΑΙ ΛΕΞΙΚΑ
|
| 700 |
1 |
|
|a Parker, Sybil P.
|
| 710 |
0 |
|
|a McGraw-Hill
|
| 942 |
|
|
|2 ddc
|
| 952 |
|
|
|0 0
|1 0
|2 ddc
|4 0
|6 503_000000000000000_MCG
|7 0
|9 283857
|a LISK
|b LISK
|c BSC
|d 2021-01-17
|e 24
|f 0
|g 0.00
|l 0
|o 503 McG
|p 9241006079
|r 2021-01-17 00:00:00
|t 1
|w 2021-01-17
|y BK15
|x 19991024 0 1
|x GrPaTEI
|
| 971 |
|
|
|a .b2649548x
|b 15-04-20
|c 23-09-16
|
| 999 |
|
|
|c 165119
|d 165119
|